Electrical Measurements and Instrumentation/ (Record no. 196477)
[ view plain ]
| 000 -LEADER | |
|---|---|
| fixed length control field | 00654nam a22002057a 4500 |
| 005 - DATE AND TIME OF LATEST TRANSACTION | |
| control field | 20230627155956.0 |
| 010 ## - LCCN (DPL NO) | |
| LC control number | ENG-1371781 |
| 020 ## - INTERNATIONAL STANDARD BOOK NUMBER | |
| International Standard Book Number | 978939311116 |
| Terms of availability | 730.00 |
| 035 ## - SYSTEM CONTROL NUMBER | |
| System control number | EN-120713 |
| 037 ## - SOURCE OF ACQUISITION | |
| Source of stock number/acquisition | DBAD/PUB |
| 082 ## - DEWEY DECIMAL CLASSIFICATION NUMBER | |
| Classification number | 621.37 |
| 100 ## - MAIN ENTRY--PERSONAL NAME | |
| Personal name | Vaigundamoorthi,M |
| 245 ## - TITLE STATEMENT | |
| Title | Electrical Measurements and Instrumentation/ |
| Statement of responsibility, etc | by Manoj, Daniel |
| 260 ## - PUBLICATION, DISTRIBUTION, ETC. (IMPRINT) | |
| Place of publication, distribution, etc | Hyderabad |
| Name of publisher, distributor, etc | S International Publishers,Hyderbad |
| Date of publication, distribution, etc | 2022 |
| 270 ## - ADDRESS | |
| Address | #326/C,Level -4, Near B K Guda Park, S R Nagar |
| City | Hyderbad |
| Postal code | 500038 |
| 300 ## - PHYSICAL DESCRIPTION | |
| Extent | xiv, 290p.; |
| Dimensions | 24cm(pbk) |
| 700 ## - ADDED ENTRY--PERSONAL NAME | |
| Personal name | Manoj, Daniel N. |
| 700 ## - ADDED ENTRY--PERSONAL NAME | |
| Personal name | Chandraiah, Bala G. |
| 942 ## - ADDED ENTRY ELEMENTS (KOHA) | |
| Source of classification or shelving scheme | Dewey Decimal Classification |
| Item type | English Books |
| Call number suffix | VAI |
| Classification part | 621.37 |
| Withdrawn status | Lost status | Not for loan | Collection code | Home library | Current library | Date acquired | Source of acquisition | Full call number | Barcode | Copy number | Cost, replacement price | Koha item type |
|---|---|---|---|---|---|---|---|---|---|---|---|---|
| Not For Loan | Non-fiction | D.B.Act.Division | D.B.Act.Division | 27/06/2023 | DBAD/PUB | 621.37 VAI | EN-120713 | 1 | 730.00 | English Books |
